LEADER 01151cam0-22004091i-450 001 990003172890403321 005 20221021140153.0 035 $a000317289 035 $aFED01000317289 035 $a(Aleph)000317289FED01 100 $a20030910d1977----km-y0itay50------ba 101 1 $aita$cger 102 $aIT 105 $ay-------001yy 200 1 $aQuale comunismo?$fOta Sik$gtrad. di Luisa e Michele Sampaolo 210 $aRoma ; Bari$cLaterza$d1977 215 $aVI, 327 p.$d18 cm 225 1 $aSaggi tascabili Laterza$v41 454 0$12001$a<>kommunistische Machtsystem$952350 676 $a320.532$v18$zita 676 $a335.43$v23$zita 700 1$aSik,$bOta$f<1919- >$0120726 702 1$aSampaolo,$bLuisa 702 1$aSampaolo,$bMichele 801 0$aIT$bUNINA$gREICAT$2UNIMARC 901 $aBK 912 $a990003172890403321 952 $a19230 SIK$b8565/I$fSES 952 $aXV E1 5$b108781$fFGBC 952 $aCOLLEZ. 94 (41)$b11424$fFSPBC 952 $aXIII 20$fDFD 959 $aSES 959 $aFGBC 959 $aFSPBC 959 $aDFD 996 $aKommunistische Machtsystem$952350 997 $aUNINA LEADER 03270nam 2200673Ia 450 001 9910782038103321 005 20221206095043.0 010 $a0-309-18130-5 010 $a1-280-74204-6 010 $a9786610742042 010 $a0-309-54559-5 035 $a(CKB)1000000000521986 035 $a(EBL)3564109 035 $a(SSID)ssj0000277059 035 $a(PQKBManifestationID)11214322 035 $a(PQKBTitleCode)TC0000277059 035 $a(PQKBWorkID)10234263 035 $a(PQKB)11607252 035 $a(MiAaPQ)EBC3564109 035 $a(Au-PeEL)EBL3564109 035 $a(CaPaEBR)ebr10160732 035 $a(CaONFJC)MIL74204 035 $a(OCoLC)229185642 035 $a(EXLCZ)991000000000521986 100 $a20060207d2005 uy 0 101 0 $aeng 135 $aurcn||||||||| 181 $ctxt 182 $cc 183 $acr 200 13$aAn assessment of potential health effects from exposure to PAVE PAWS low-level phased-array radiofrequency energy$b[electronic resource] /$fCommittee to Assess Potential Health Effects from Exposures to PAVE PAWS Low-Level Phased-Array Radiofrequency Energy, Board on Radiation Effects Research, Division on Earth and Life Studies, National Research Council of the National Academies 210 $aWashington, DC $cNational Academies Press$dc2005 215 $a1 online resource (213 p.) 300 $a"This study was supported by contract F05604-01-C-9000..."--T.p. verso. 311 $a0-309-09309-0 320 $aIncludes bibliographical references. 327 $a""Front Matter""; ""Preface""; ""Reviewers""; ""Acknowledgments""; ""Contents""; ""Public Summary""; ""Executive Summary""; ""1 Introduction""; ""2 Assessment of Classified Research Relevant to PAVE PAWS""; ""3 Physical Mechanisms for RF Effects on Biological Systems""; ""4 Exposure Levels""; ""5 PAVE PAWS Exposure Conditions""; ""6 Evidence of Biological Effects of RF Exposure Relevant to PAVE PAWS Radar System""; ""7 Animal and Human Studies Addressing Health Effects""; ""8 Epidemiological Studies of the Possible Adverse Health Effects of Pulsed Radar Emissions"" 327 $a""9 Health Considerations in the Cape Cod Population""""10 Summary of Conclusions and Recommendations""; ""Appendixes""; ""Appendix A Interim Letter Report""; ""Appendix B Acronyms and Abbreviations""; ""Committee Biosketches"" 606 $aLow-level radiation$xHealth aspects 606 $aRadar 606 $aRadiation$xMeasurement 606 $aRadiation$xPhysiological effect 606 $aRadio frequency$xHealth aspects 606 $aRadio frequency$xSafety measures 615 0$aLow-level radiation$xHealth aspects. 615 0$aRadar. 615 0$aRadiation$xMeasurement. 615 0$aRadiation$xPhysiological effect. 615 0$aRadio frequency$xHealth aspects. 615 0$aRadio frequency$xSafety measures. 676 $a363.17 712 02$aNational Research Council (U.S.).$bBoard on Radiation Effects Research. 801 0$bMiAaPQ 801 1$bMiAaPQ 801 2$bMiAaPQ 906 $aBOOK 912 $a9910782038103321 996 $aAn assessment of potential health effects from exposure to PAVE PAWS low-level phased-array radiofrequency energy$93848192 997 $aUNINA